Pikmin 4 Areas - Statistics

General Stats
  • This quiz has been taken 41 times
  • The average score is 5 of 6
Answer Stats
Answer % Correct
Blossoming Arcadia
93%
Hero's Hideaway
83%
Giant's Hearth
77%
Serene Shores
70%
Primordial Thicket
67%
Sun-Speckled Terrace
67%
No matching quizzes found
Score Distribution
Percent of People with Each Score
Percentile by Number Answered
Your Score History
You have not taken this quiz